书目信息 |
| 题名: |
酒店设计与布局
|
|
| 作者: | 胡亮 , 沈征 主编 | |
| 分册: | ||
| 出版信息: | 北京 清华大学出版社 2013.6 |
|
| 页数: | 245页 | |
| 开本: | 26cm | |
| 丛书名: | ||
| 单 册: | ||
| 中图分类: | TU247.4 | |
| 科图分类: | ||
| 主题词: | 饭店--室内装饰设计--高等学校--教材 , 饭店 , 室内装饰设计 | |
| 电子资源: | ||
| ISBN: | 978-7-302-31801-9 | |
| 000 | 00976nam0 2200277 450 | |
| 001 | 0400004258 | |
| 005 | 20171023163520.0 | |
| 010 | @a978-7-302-31801-9@dCNY33.00 | |
| 100 | @a20130808e20172013em y0chiy0110 ea | |
| 101 | 0 | @achi |
| 102 | @aCN@b110000 | |
| 105 | @aa z 000yy | |
| 106 | @ar | |
| 200 | 1 | @a酒店设计与布局@9jiu dian she ji yu bu ju@f胡亮,沈征主编 |
| 210 | @a北京@c清华大学出版社@d2013.6@h2017.1 | |
| 215 | @a245页@c图@d26cm | |
| 300 | @a21世纪高等学校应用型特色规划教材·酒店管理专业 | |
| 330 | @a本书依据酒店设计的完整工作流程进行整体架构,主体内容在于对酒店设计与布局方法的介绍与诠释,并对当今国内外知名酒店的设计实例进行剖析,进而探索并总结酒店设计与布局的科学方法。 | |
| 606 | 0 | @a饭店@x室内装饰设计@x高等学校@j教材 |
| 606 | 0 | @a饭店 |
| 606 | 0 | @a室内装饰设计 |
| 690 | @aTU247.4@v5 | |
| 701 | 0 | @a胡亮@9hu liang@f(1984-)@4主编 |
| 701 | 0 | @a沈征@9shen zheng@4主编 |
| 801 | 0 | @aCN@b91MARC@c20171023 |
| 905 | @b1028196-200@dTU247.4@f5@e1095 | |
| 酒店设计与布局/胡亮,沈征主编.-北京:清华大学出版社,2013.6(2017.1) |
| 245页:图;26cm |
| 21世纪高等学校应用型特色规划教材·酒店管理专业 |
| ISBN 978-7-302-31801-9:CNY33.00 |
| 本书依据酒店设计的完整工作流程进行整体架构,主体内容在于对酒店设计与布局方法的介绍与诠释,并对当今国内外知名酒店的设计实例进行剖析,进而探索并总结酒店设计与布局的科学方法。 |
| ● |
| 相关链接 |
|
|
|
|
正题名:酒店设计与布局
索取号:TU247.4/1095
 
预约/预借
| 序号 | 登录号 | 条形码 | 馆藏地/架位号 | 状态 | 备注 |
| 1 | 1028196 | 210281960 | 第二样本阅览室/ [索取号:TU247.4/1095] | 在馆 | |
| 2 | 1028197 | 210281979 | 密集书库-生命科学系/ [索取号:TU247.4/1095] | 在馆 | |
| 3 | 1028198 | 210281988 | 第三借阅区/ [索取号:TU247.4/1095] | 在馆 | |
| 4 | 1028199 | 210281997 | 第三借阅区/ [索取号:TU247.4/1095] | 在馆 | |
| 5 | 1028200 | 210282004 | 第三借阅区/ [索取号:TU247.4/1095] | 在馆 |